<?xml version="1.0" encoding="UTF-8"?>
<record
    xmlns:xsi="http://www.w3.org/2001/XMLSchema-instance"
    xsi:schemaLocation="http://www.loc.gov/MARC21/slim http://www.loc.gov/standards/marcxml/schema/MARC21slim.xsd"
    xmlns="http://www.loc.gov/MARC21/slim">

  <leader>01227nam a22002537a 4500</leader>
  <controlfield tag="005">20170124103120.0</controlfield>
  <datafield tag="010" ind1=" " ind2=" ">
    <subfield code="a">B-074360</subfield>
  </datafield>
  <datafield tag="020" ind1=" " ind2=" ">
    <subfield code="c">250.00</subfield>
    <subfield code="a">8187247339</subfield>
  </datafield>
  <datafield tag="035" ind1=" " ind2=" ">
    <subfield code="a">B-074360</subfield>
  </datafield>
  <datafield tag="037" ind1=" " ind2=" ">
    <subfield code="b">Cen Lib/Ret</subfield>
  </datafield>
  <datafield tag="040" ind1=" " ind2=" ">
    <subfield code="a">DPL</subfield>
    <subfield code="b">HN</subfield>
  </datafield>
  <datafield tag="082" ind1=" " ind2=" ">
    <subfield code="a">384.5</subfield>
    <subfield code="b">&#x930;&#x924;&#x94D;&#x924;&#x942;&#x915;&#x943; </subfield>
  </datafield>
  <datafield tag="100" ind1=" " ind2=" ">
    <subfield code="a">&#x930;&#x924;&#x94D;&#x924;&#x942;, &#x915;&#x943;&#x937;&#x94D;&#x923;&#x915;&#x941;&#x92E;&#x93E;&#x930; </subfield>
    <subfield code="9">9690</subfield>
  </datafield>
  <datafield tag="245" ind1=" " ind2=" ">
    <subfield code="a">&#x92D;&#x93E;&#x930;&#x924;&#x940;&#x92F; &#x92A;&#x94D;&#x930;&#x938;&#x93E;&#x930;&#x923; &#x92E;&#x93E;&#x927;&#x94D;&#x92F;&#x92E; :</subfield>
    <subfield code="c">&#x915;&#x943;&#x937;&#x94D;&#x923;&#x915;&#x941;&#x92E;&#x93E;&#x930; &#x930;&#x924;&#x94D;&#x924;&#x942; </subfield>
    <subfield code="b">&#x92D;&#x93E;&#x937;&#x93E; &#x92A;&#x930;&#x93F;&#x926;&#x94D;&#x930;&#x936;&#x94D;&#x92F; /</subfield>
  </datafield>
  <datafield tag="246" ind1=" " ind2=" ">
    <subfield code="a">Bharitya prasaran madhyam : bhasha paridrshya /</subfield>
    <subfield code="b">by Krishn Kumar Ratto</subfield>
  </datafield>
  <datafield tag="260" ind1=" " ind2=" ">
    <subfield code="a">&#x91C;&#x92F;&#x92A;&#x941;&#x930; </subfield>
    <subfield code="b">&#x936;&#x94D;&#x92F;&#x93E;&#x92E; &#x92A;&#x94D;&#x930;&#x915;&#x93E;&#x936;&#x928; </subfield>
    <subfield code="c">2001</subfield>
  </datafield>
  <datafield tag="270" ind1=" " ind2=" ">
    <subfield code="b">&#x91C;&#x92F;&#x92A;&#x941;&#x930; </subfield>
    <subfield code="a">&#x92B;&#x93F;&#x932;&#x94D;&#x92E; &#x915;&#x949;&#x932;&#x94B;&#x928;&#x940;, &#x91A;&#x94C;&#x921;&#x93C;&#x93E; &#x930;&#x93E;&#x938;&#x94D;&#x924;&#x93E; </subfield>
    <subfield code="e">302003</subfield>
  </datafield>
  <datafield tag="300" ind1=" " ind2=" ">
    <subfield code="a">174&#x92A;&#x943;.</subfield>
    <subfield code="c">20&#x938;&#x947;&#x92E;&#x940;(&#x938;&#x91C;&#x93F;&#x932;&#x94D;&#x926; ) </subfield>
  </datafield>
  <datafield tag="650" ind1=" " ind2=" ">
    <subfield code="a">&#x91C;&#x928; &#x938;&#x902;&#x91A;&#x93E;&#x930; &#x92E;&#x93E;&#x927;&#x94D;&#x92F;&#x92E; -- &#x92D;&#x93E;&#x930;&#x924; </subfield>
    <subfield code="x"> </subfield>
    <subfield code="z"> </subfield>
    <subfield code="9">81789</subfield>
  </datafield>
  <datafield tag="650" ind1=" " ind2=" ">
    <subfield code="a">&#x91C;&#x928; &#x938;&#x902;&#x91A;&#x93E;&#x930; &#x92E;&#x93E;&#x927;&#x94D;&#x92F;&#x92E; -- &#x92D;&#x93E;&#x930;&#x924; -- &#x926;&#x942;&#x930;&#x926;&#x930;&#x94D;&#x936;&#x928; </subfield>
    <subfield code="9">81790</subfield>
  </datafield>
  <datafield tag="650" ind1=" " ind2=" ">
    <subfield code="a">Mass Media - India</subfield>
    <subfield code="9">81791</subfield>
  </datafield>
  <datafield tag="650" ind1=" " ind2=" ">
    <subfield code="a">Hindi - language - television 	</subfield>
    <subfield code="9">81792</subfield>
  </datafield>
  <datafield tag="942" ind1=" " ind2=" ">
    <subfield code="2">ddc</subfield>
    <subfield code="c">HN</subfield>
    <subfield code="h">384.5</subfield>
    <subfield code="m">&#x930;&#x924;&#x94D;&#x924;&#x942;&#x915;&#x943; </subfield>
  </datafield>
  <datafield tag="999" ind1=" " ind2=" ">
    <subfield code="c">118759</subfield>
    <subfield code="d">118759</subfield>
  </datafield>
  <datafield tag="952" ind1=" " ind2=" ">
    <subfield code="0">0</subfield>
    <subfield code="1">0</subfield>
    <subfield code="4">0</subfield>
    <subfield code="7">0</subfield>
    <subfield code="a">L</subfield>
    <subfield code="b">L</subfield>
    <subfield code="d">2015-09-12</subfield>
    <subfield code="e">Cen Lib/Ref</subfield>
    <subfield code="g">250.00</subfield>
    <subfield code="l">1</subfield>
    <subfield code="o">384.5 &#x930;&#x924;&#x94D;&#x924;&#x942;&#x915;&#x943;</subfield>
    <subfield code="p">B-074360</subfield>
    <subfield code="r">2019-03-27 00:00:00</subfield>
    <subfield code="s">2019-03-19</subfield>
    <subfield code="t">1</subfield>
    <subfield code="v">250.00</subfield>
    <subfield code="w">2015-09-12</subfield>
    <subfield code="y">HN</subfield>
  </datafield>
</record>
